E-learning v dištančnom vzdelávaní na Pedagogickej fakulte PU
Vzdelávanie s elektronickou podporou - e-lerning. E-learning a dištančná forma štúdia na Pedagogickej fakulte Prešovskej univerzity.
Salvato in:
| Autore principale: | |
|---|---|
| Natura: | Capitolo di libro |
| Lingua: | slovacco |
| Soggetti: | |
| Tags: |
Nessun Tag, puoi essere il primo ad aggiungerne!!
|
MARC
| LEADER | 00000naa$a2200000$$$4500 | ||
|---|---|---|---|
| 001 | 0045082 | ||
| 005 | 20231010123957.3 | ||
| 041 | 0 | |a slo | |
| 044 | |a SK | ||
| 245 | 1 | 0 | |a E-learning v dištančnom vzdelávaní na Pedagogickej fakulte PU |c Jana Burgerová |
| 520 | |a Vzdelávanie s elektronickou podporou - e-lerning. E-learning a dištančná forma štúdia na Pedagogickej fakulte Prešovskej univerzity. | ||
| 610 | 2 | 0 | |a vzdelávanie elektronické |
| 610 | 2 | 0 | |a vzdelávanie dištančné |
| 610 | 2 | 0 | |a projekty |
| 610 | 2 | 0 | |a učitelia |
| 610 | 2 | 0 | |a Prešovská univerzita v Prešove |
| 100 | 1 | |a Burgerová, Jana | |